[Event "Team senior chess final 2018"]
[Site "Sochi"]
[Date "2018.05.04"]
[Round "4.3"]
[White "Merkushev, Vasily"]
[Black "Karimov, Rashid"]
[Result "0-1"]
[WhiteElo "2154"]
[BlackElo "2125"]
[PlyCount "106"]
[EventDate "2018.05.01"]

1. c4 Nf6 2. Nc3 c5 3. g3 d5 4. cxd5 Nxd5 5. Bg2 Nc7 6. d3 e5 7. Nf3 Nc6 8. O-O
Be7 9. Be3 O-O 10. Rc1 Ne6 11. Na4 Qa5 12. a3 f6 13. Nd2 Bd7 14. Nc3 Qd8 15.
Nd5 Rc8 16. Ne4 b6 17. Nxe7+ Qxe7 18. Bd2 Rfd8 19. Bc3 Nc7 20. Nd2 Kh8 21. Nc4
Be8 22. Qe1 Nd5 23. Bd2 Bf7 24. f4 exf4 25. gxf4 Nd4 26. e4 Nc7 27. Bc3 Ncb5
28. Ne3 Qd7 29. Rd1 Bh5 30. Rd2 Nb3 31. Nd5 Nxc3 32. bxc3 Nxd2 33. Qxd2 Bf7 34.
c4 Bxd5 35. cxd5 c4 36. dxc4 Rxc4 37. Qd3 Qa4 38. Rd1 Rdc8 39. Bf3 Rc3 40. Qf1
f5 41. d6 Rd8 42. Qf2 Qxa3 43. Qh4 Rcc8 44. Rf1 fxe4 45. Bg4 Qxd6 46. Bxc8 Rxc8
47. f5 Qe5 48. Qf4 Qxf4 49. Rxf4 Re8 50. Kf2 e3+ 51. Ke2 Kg8 52. h4 Kf7 53. Rc4
Kf6 0-1

[Event "Team senior chess final 2018"]
[Site "Sochi"]
[Date "2018.05.04"]
[Round "4.4"]
[White "Vasiliev, Sergey"]
[Black "Mayorov, Viktor"]
[Result "1-0"]
[WhiteElo "1945"]
[BlackElo "1964"]
[PlyCount "161"]
[EventDate "2018.05.01"]

1. d4 Nf6 2. Nf3 b6 3. c4 e6 4. Nc3 Bb7 5. e3 Ne4 6. Bd3 Nxc3 7. bxc3 c5 8. O-O
d6 9. e4 Nd7 10. Re1 e5 11. d5 Be7 12. Be3 h6 13. Nd2 Bg5 14. Nf1 Bc8 15. Ng3
g6 16. Qd2 Qf6 17. Nf1 Bxe3 18. Rxe3 h5 19. Rf3 Qe7 20. Bc2 Nf6 21. Ba4+ Kf8
22. Qg5 Nxd5 23. Qd2 Nf4 24. Bc6 Rb8 25. g3 Bg4 26. Re3 Nh3+ 27. Kg2 Rd8 28. f3
Bc8 29. Rd3 h4 30. Rd1 hxg3 31. hxg3 Ng5 32. Rxd6 Rxd6 33. Qxd6 Qxd6 34. Rxd6
Bh3+ 35. Kf2 Ke7 36. Rd3 Bxf1 37. Kxf1 Rh2 38. a4 a5 39. Rd7+ Kf8 40. f4 exf4
41. gxf4 Nh3 42. Bd5 Rf2+ 43. Ke1 Rxf4 44. Rb7 Nf2 45. Kd2 Nxe4+ 46. Ke3 Rf6
47. Bxe4 g5 48. Bf3 Re6+ 49. Kf2 f5 50. Bd5 Rf6 51. Kf3 f4 52. Kg4 f3 53. Bxf3
Rf4+ 54. Kg3 Rxc4 55. Bc6 Rxc3+ 56. Kg4 Rd3 57. Kxg5 c4 58. Rxb6 Rd6 59. Rb8+
Ke7 60. Bb5 Rd5+ 61. Kf4 Rc5 62. Re8+ Kd6 63. Re1 Rc7 64. Rc1 Kd5 65. Ke3 Re7+
66. Kd2 Re4 67. Bd7 Kc5 68. Kc2 Re2+ 69. Kc3 Re3+ 70. Kb2 Kb4 71. Bb5 Rb3+ 72.
Kc2 Re3 73. Rb1+ Kc5 74. Bd7 Re2+ 75. Kc1 Re1+ 76. Kc2 Re2+ 77. Kd1 Re3 78.
Rb5+ Kd4 79. Rxa5 Rd3+ 80. Kc2 c3 81. Rd5+ 1-0

[Event "Team senior chess final 2018"]
[Site "Sochi"]
[Date "2018.05.05"]
[Round "5.2"]
[White "Mednikov, Gennadiy"]
[Black "Lisenko, Alexander V"]
[Result "1-0"]
[WhiteElo "2110"]
[BlackElo "2363"]
[PlyCount "139"]
[EventDate "2018.05.01"]
[BlackTeam "Шахматный клуб "]

1. d4 Nf6 2. Bf4 e6 3. e3 c5 4. Nf3 Be7 5. h3 O-O 6. Nbd2 b6 7. c3 Bb7 8. Bd3
d6 9. O-O Nc6 10. Qe2 Re8 11. Rad1 h6 12. Bh2 Bf8 13. a3 Rc8 14. Ba6 Qd7 15.
Rfe1 cxd4 16. exd4 Bxa6 17. Qxa6 b5 18. Qxb5 Rb8 19. Qd3 Rxb2 20. Nc4 Rb7 21.
Rb1 Reb8 22. Rxb7 Rxb7 23. Rb1 Rxb1+ 24. Qxb1 d5 25. Nce5 Nxe5 26. Nxe5 Qc8 27.
Qd3 Bxa3 28. c4 Bd6 29. c5 Bxe5 30. Bxe5 Nd7 31. Qb5 a6 32. Qa5 Qc6 33. Qd8+
Kh7 34. Bd6 Qb5 35. Qc7 a5 36. c6 Nb8 37. Qxb8 Qxc6 38. Qc7 Qa6 39. Bc5 Kg8 40.
Qd8+ Kh7 41. Qb6 Qc4 42. g3 a4 43. Qb4 Qc2 44. Qa3 f6 45. Qe3 e5 46. Bd6 Qd1+
47. Kg2 exd4 48. Qf3 Qc2 49. Qxd5 d3 50. Bf8 Kg6 51. Qe4+ f5 52. Qe6+ Kh7 53.
Qxf5+ Kg8 54. Bc5 Qc4 55. Qf8+ Kh7 56. Qd6 Qe4+ 57. Kh2 a3 58. Bd4 a2 59. Qd7
Qg6 60. Ba1 Kg8 61. f4 Kf8 62. f5 Qb6 63. Qxg7+ Ke8 64. Qg8+ Kd7 65. Qxa2 Qd6
66. Qe6+ Qxe6 67. fxe6+ Kxe6 68. Bc3 Kf5 69. Bd2 h5 70. Kg2 1-0

[Event "Team senior chess final 2018"]
[Site "Sochi"]
[Date "2018.05.05"]
[Round "5.3"]
[White "Dragomarezkij, Evgeni"]
[Black "Merkushev, Vasily"]
[Result "1-0"]
[WhiteElo "2375"]
[BlackElo "2154"]
[PlyCount "69"]
[EventDate "2018.05.01"]
[WhiteTeam "Шахматный клуб "]

1. c4 e5 2. Nf3 Nf6 3. Nc3 d6 4. g3 Bg4 5. Bg2 Nbd7 6. d4 Be7 7. O-O O-O 8. h3
Bh5 9. Nh4 exd4 10. Qxd4 Ne8 11. Bxb7 Rb8 12. Bf3 Bxf3 13. Nxf3 Bf6 14. Qd2 g6
15. b3 Ng7 16. Bb2 Re8 17. Nd4 Bxd4 18. Qxd4 Nf5 19. Qd2 Ne5 20. Kg2 c6 21. e4
Ng7 22. f4 Nd7 23. Qxd6 Re6 24. Qd4 Nf6 25. Qxd8+ Rxd8 26. e5 Nf5 27. Rae1 Rd3
28. Rf3 Rxf3 29. Kxf3 Nd4+ 30. Kf2 Ne8 31. Rd1 Nf5 32. Ne4 h6 33. Rd8 Kg7 34.
g4 Nh4 35. Kg3 1-0

[Event "Team senior chess final 2018"]
[Site "Sochi"]
[Date "2018.05.05"]
[Round "5.4"]
[White "Mayorov, Viktor"]
[Black "Fradkin, Boris"]
[Result "0-1"]
[WhiteElo "1964"]
[BlackElo "2374"]
[PlyCount "60"]
[EventDate "2018.05.01"]
[BlackTeam "Шахматный клуб "]

1. e4 c6 2. d4 d5 3. exd5 cxd5 4. c4 Nf6 5. Nc3 g6 6. Qb3 Bg7 7. cxd5 O-O 8.
Be2 Nbd7 9. Bf3 Nb6 10. Bg5 Bf5 11. Nge2 Bd3 12. Bxf6 Bxf6 13. Qd1 Bxe2 14.
Kxe2 Rc8 15. Rc1 Nc4 16. b3 Nd6 17. Ne4 Nxe4 18. Bxe4 Qb6 19. Rxc8 Rxc8 20. Qd2
Bxd4 21. Rd1 Bxf2 22. Rf1 Bd4 23. Rd1 Be5 24. g3 Rc3 25. Rc1 Rxc1 26. Qxc1 Qa6+
27. Kf3 Qxa2 28. Qc8+ Kg7 29. Bc2 Qa6 30. Qh3 Qb5 0-1

[Event "Team senior chess final 2018"]
[Site "Sochi"]
[Date "2018.05.05"]
[Round "5.1"]
[White "Faibisovich, Vadim Z"]
[Black "Zhelnin, Vladimir V"]
[Result "1/2-1/2"]
[WhiteElo "2320"]
[BlackElo "2452"]
[PlyCount "68"]
[EventDate "2018.05.01"]

1. d4 Nf6 2. Nf3 g6 3. g3 Bg7 4. Bg2 O-O 5. O-O d6 6. Nc3 Nbd7 7. e4 e5 8. h3
Re8 9. dxe5 dxe5 10. Be3 b6 11. Qd2 Bb7 12. Rad1 Qe7 13. Nd5 Nxd5 14. exd5 Rad8
15. c4 Nc5 16. b4 Ne4 17. Qc2 f5 18. a3 c6 19. dxc6 Bxc6 20. Ng5 Nxg5 21. Bxc6
f4 22. Bxe8 Rxe8 23. Bc1 Qe6 24. gxf4 exf4 25. Qd3 Bd4 26. Rfe1 Qxe1+ 27. Rxe1
Rxe1+ 28. Kg2 f3+ 29. Kg3 Rg1+ 30. Kh2 Rg2+ 31. Kh1 Bxf2 32. Bxg5 Rg1+ 33. Kh2
Rg2+ 34. Kh1 Rg1+ 1/2-1/2

[Event "Team senior chess final 2018"]
[Site "Sochi"]
[Date "2018.05.05"]
[Round "5.2"]
[White "Vorotnikov, Vladislav V"]
[Black "Karasev, Vladimir I"]
[Result "1/2-1/2"]
[WhiteElo "2449"]
[BlackElo "2336"]
[PlyCount "78"]
[EventDate "2018.05.01"]

1. d4 d5 2. Nf3 Nf6 3. e3 c5 4. c3 e6 5. Nbd2 Nc6 6. a3 Bd6 7. dxc5 Bxc5 8. b4
Be7 9. c4 dxc4 10. Bxc4 a6 11. Qc2 Bd7 12. Bb2 Rc8 13. Qb1 O-O 14. O-O Bd6 15.
Ne4 Nxe4 16. Qxe4 Qe7 17. Rfd1 Rfd8 18. h4 h6 19. Rac1 Be8 20. Ba2 Bb8 21. h5
Rxd1+ 22. Rxd1 Rd8 23. Rc1 Rd6 24. g4 Qd7 25. Kg2 f6 26. Nd4 Nxd4 27. Bxd4 Qc6
28. Qxc6 Bxc6+ 29. f3 Kf7 30. Kf2 Bd5 31. Bxd5 Rxd5 32. Ke2 Rd7 33. Rc8 Bd6 34.
Bb6 Be7 35. Bd4 Bd6 36. Bb6 Be7 37. Bd4 Bd6 38. Bb6 Be7 39. Bd4 Bd6 1/2-1/2

[Event "Team senior chess final 2018"]
[Site "Sochi"]
[Date "2018.05.05"]
[Round "5.3"]
[White "Blechzin, Igor"]
[Black "Shvedchikov, Anatoli I"]
[Result "0-1"]
[WhiteElo "2251"]
[BlackElo "2279"]
[PlyCount "76"]
[EventDate "2018.05.01"]

1. c4 Nf6 2. Nc3 c6 3. Nf3 d5 4. e3 e6 5. d4 Nbd7 6. Bd3 b6 7. e4 dxe4 8. Nxe4
Bb7 9. O-O Be7 10. Bf4 O-O 11. Nd6 Qc7 12. c5 bxc5 13. dxc5 Nxc5 14. Nxb7 Qxb7
15. Bc2 Qxb2 16. Be5 Qa3 17. Ng5 h6 18. Bxf6 Bxf6 19. Nh7 Bxa1 20. Nxf8 Bf6 21.
Nd7 Nxd7 22. Qxd7 Rd8 23. Qxc6 Qxa2 24. Qe4 g6 25. Bb1 Qb2 26. Qe3 Rd2 27. Kh1
Qd4 28. Qf3 Kg7 29. g3 Qc3 30. Qg4 h5 31. Qe4 Qb2 32. Kg2 Bd4 33. Qf3 Qc3 34.
Qf4 Qe3 35. Qxe3 Bxe3 36. Kf3 Bd4 37. h4 f5 38. Kg2 e5 0-1

[Event "Team senior chess final 2018"]
[Site "Sochi"]
[Date "2018.05.05"]
[Round "5.4"]
[White "Chudinovskikh, Alexander M"]
[Black "Shushpanov, Vladimir"]
[Result "1/2-1/2"]
[WhiteElo "2205"]
[BlackElo "2187"]
[PlyCount "65"]
[EventDate "2018.05.01"]

1. d4 d5 2. Bf4 Nf6 3. e3 Bg4 4. f3 Bf5 5. g4 Bg6 6. h4 h6 7. h5 Bh7 8. Bd3
Bxd3 9. Qxd3 Nc6 10. Nc3 e6 11. O-O-O Bd6 12. Nge2 Qd7 13. e4 dxe4 14. fxe4
Bxf4+ 15. Nxf4 e5 16. dxe5 Qxd3 17. cxd3 Nxe5 18. d4 Nf3 19. Rd3 Ng5 20. e5
Nxg4 21. Rg1 f5 22. exf6 Nxf6 23. Ng6 Rg8 24. Re1+ Kd8 25. d5 Re8 26. Rxe8+
Nxe8 27. Re3 a5 28. Na4 Nd6 29. Re7 Nge4 30. Rxg7 b5 31. Nc3 Nxc3 32. bxc3 Ra6
33. Nf4 1/2-1/2

[Event "Team senior chess final 2018"]
[Site "Sochi"]
[Date "2018.05.06"]
[Round "6.1"]
[White "Faibisovich, Vadim Z"]
[Black "Gubernatorov, Sergey"]
[Result "1-0"]
[WhiteElo "2320"]
[BlackElo "2220"]
[PlyCount "71"]
[EventDate "2018.05.01"]

1. d4 Nf6 2. Nf3 g6 3. g3 Bg7 4. Bg2 O-O 5. O-O d5 6. Nbd2 Nc6 7. c3 a5 8. a4
Re8 9. Nb3 e5 10. Nxe5 Nxe5 11. dxe5 Rxe5 12. Bf4 Re8 13. Nd4 c6 14. Qc2 Bd7
15. Rfe1 Qc8 16. Rad1 Bh3 17. f3 Bxg2 18. Kxg2 Nd7 19. b3 Nc5 20. Bd6 Ne6 21.
Nxe6 Qxe6 22. Bc5 b5 23. e4 dxe4 24. Rxe4 Qc8 25. Bd4 Rxe4 26. Qxe4 Qd7 27.
axb5 Rc8 28. bxc6 Rxc6 29. Bc5 Qc8 30. Be7 Re6 31. Qh4 g5 32. Qxg5 h6 33. Qxa5
Re2+ 34. Kf1 Qe6 35. Qd8+ Kh7 36. Qd3+ 1-0

[Event "Team senior chess final 2018"]
[Site "Sochi"]
[Date "2018.05.06"]
[Round "6.2"]
[White "Mednikov, Gennadiy"]
[Black "Karasev, Vladimir I"]
[Result "0-1"]
[WhiteElo "2110"]
[BlackElo "2336"]
[PlyCount "64"]
[EventDate "2018.05.01"]

1. d4 Nf6 2. Bf4 d6 3. Nc3 Nbd7 4. Nf3 Nh5 5. Bd2 e5 6. d5 g6 7. e4 Bg7 8. g3
O-O 9. Bh3 c6 10. O-O Nb6 11. Bg2 cxd5 12. exd5 Nc4 13. Bg5 Qa5 14. Qc1 Bd7 15.
Bh6 Rac8 16. Bxg7 Kxg7 17. Nd2 Nf6 18. Nxc4 Rxc4 19. f4 exf4 20. Rxf4 Qb6+ 21.
Kh1 Rxf4 22. gxf4 Re8 23. Qd2 Qxb2 24. Rb1 Qa3 25. Rxb7 Qc5 26. Nd1 Bg4 27. Rb1
Re2 28. Qc3 Qxc3 29. Nxc3 Rxc2 30. Nb5 Nh5 31. Rf1 Be2 32. Re1 Bxb5 0-1

[Event "Team senior chess final 2018"]
[Site "Sochi"]
[Date "2018.05.06"]
[Round "6.3"]
[White "Malinin, Vasily B"]
[Black "Merkushev, Vasily"]
[Result "0-1"]
[WhiteElo "2197"]
[BlackElo "2154"]
[PlyCount "90"]
[EventDate "2018.05.01"]

1. d4 d5 2. c4 c6 3. Nf3 Nf6 4. Nc3 e6 5. Bg5 Bb4 6. Qc2 dxc4 7. e4 Qa5 8. Bxf6
gxf6 9. Bxc4 Rg8 10. O-O Qh5 11. Be2 Nd7 12. Rad1 Qh3 13. Ne1 Bd6 14. f4 Qh6
15. e5 fxe5 16. fxe5 Be7 17. Ne4 a5 18. Rd3 a4 19. Rff3 Qh4 20. Nf2 Bb4 21. Rh3
Qf4 22. Nf3 a3 23. Rb3 axb2 24. Nd3 Qe3+ 25. Kh1 Rxa2 26. Rxb2 Ra1+ 27. Bd1 Bc3
28. Rb3 Bxd4 29. Rb1 Ra3 30. Rb3 Rxb3 31. Qxb3 Nc5 32. Nxc5 Bxc5 33. Qc2 h6 34.
Qh7 Rxg2 35. Rg3 Rxg3 36. hxg3 Qf2 37. Qd3 Qxg3 38. Qf1 h5 39. Nd2 Qh4+ 40. Kg2
Qg5+ 41. Kh3 Qxd2 42. Bxh5 Qe3+ 43. Kg4 Qe4+ 44. Kg3 Qxe5+ 45. Kh4 Be7+ 0-1

[Event "Team senior chess final 2018"]
[Site "Sochi"]
[Date "2018.05.06"]
[Round "6.4"]
[White "Mayorov, Viktor"]
[Black "Shushpanov, Vladimir"]
[Result "0-1"]
[WhiteElo "1964"]
[BlackElo "2187"]
[PlyCount "80"]
[EventDate "2018.05.01"]

1. e4 c6 2. d4 d5 3. exd5 cxd5 4. c4 Nf6 5. Nc3 g6 6. Qb3 Bg7 7. cxd5 O-O 8.
Be2 Nbd7 9. Bf3 Nb6 10. Bg5 a5 11. a4 Qd6 12. Nge2 Qb4 13. Qa2 Bd7 14. O-O Rfd8
15. d6 exd6 16. Ne4 Be6 17. Qa3 Qxa3 18. Rxa3 Nbd5 19. Nxf6+ Bxf6 20. Bxf6 Nxf6
21. Nf4 Rac8 22. Nxe6 fxe6 23. Re3 Kf7 24. Rfe1 Re8 25. Bxb7 Rc4 26. d5 e5 27.
Bc6 Rb8 28. b3 Rd4 29. g3 Nxd5 30. Re4 Rd3 31. f4 Nf6 32. Bb5 Rxb5 33. axb5
Nxe4 34. Rxe4 Rxb3 35. fxe5 d5 36. e6+ Ke7 37. Re2 a4 38. Ra2 a3 39. Ra1 Kxe6
40. b6 Kd6 0-1

[Event "Team senior chess final 2018"]
[Site "Sochi"]
[Date "2018.05.06"]
[Round "6.2"]
[White "Sabaev, Evgueni"]
[Black "Lisenko, Alexander V"]
[Result "1/2-1/2"]
[WhiteElo "2125"]
[BlackElo "2363"]
[PlyCount "57"]
[EventDate "2018.05.01"]
[BlackTeam "Шахматный клуб "]

1. Nf3 c5 2. c4 Nc6 3. g3 g6 4. Bg2 Bg7 5. O-O e5 6. Nc3 Nge7 7. d3 d6 8. a3
O-O 9. Rb1 a5 10. Ne1 Be6 11. Nd5 Rb8 12. Bg5 f6 13. Bd2 b5 14. Nc2 b4 15. Nce3
Qd7 16. axb4 axb4 17. Ra1 Nc8 18. Ra6 Nd4 19. Nc2 Bg4 20. Nxd4 exd4 21. Re1 g5
22. Qa4 Qxa4 23. Rxa4 Re8 24. Kf1 Kf8 25. Ra6 Kg8 26. Ra4 Kf8 27. Ra6 Kg8 28.
Ra4 Kf8 29. Ra6 1/2-1/2

[Event "Team senior chess final 2018"]
[Site "Sochi"]
[Date "2018.05.06"]
[Round "6.3"]
[White "Dragomarezkij, Evgeni"]
[Black "Karimov, Rashid"]
[Result "1-0"]
[WhiteElo "2375"]
[BlackElo "2125"]
[PlyCount "151"]
[EventDate "2018.05.01"]
[WhiteTeam "Шахматный клуб "]

1. c4 c5 2. Nf3 Nf6 3. d4 cxd4 4. Nxd4 Nc6 5. Nc3 g6 6. e4 d6 7. Be2 Nxd4 8.
Qxd4 Bg7 9. Be3 O-O 10. Qd2 Bd7 11. O-O Bc6 12. f3 a5 13. b3 Nd7 14. Rac1 Nc5
15. Nd5 Bxd5 16. cxd5 Qb6 17. Rc4 Rfc8 18. Kh1 Qd8 19. Rc2 Qd7 20. Rfc1 b6 21.
Qd1 f5 22. exf5 Qxf5 23. Bc4 Rf8 24. Re2 Be5 25. Bd4 Bf6 26. Bb5 Rf7 27. Bxf6
exf6 28. Qd4 Kg7 29. Rce1 Rc8 30. Re3 Qc2 31. R3e2 Qf5 32. Kg1 g5 33. Kf2 h5
34. Re3 Nd7 35. Bd3 Qf4 36. Qxf4 gxf4 37. R3e2 Ne5 38. Bf5 Rc5 39. Rd1 Rfc7 40.
Rd4 Rb5 41. Red2 Rcc5 42. Be6 Rb4 43. Rxb4 axb4 44. Bf5 Rc1 45. Rd4 Kh6 46. h4
Rc5 47. Rxf4 Rxd5 48. Rxb4 b5 49. Be4 Rd2+ 50. Kg3 d5 51. Bf5 Nc6 52. Rf4 Nd4
53. Kh3 Nxf5 54. Rxf5 Kg6 55. g4 hxg4+ 56. fxg4 b4 57. h5+ Kg7 58. Kg3 Rxa2 59.
Rxd5 Rb2 60. Rd7+ Kg8 61. Rd3 Kf7 62. Kf4 Rb1 63. Rd7+ Ke6 64. Rd3 Kf7 65. Rf3
Rb2 66. Ke4 Rg2 67. Kf5 Rb2 68. g5 fxg5 69. Kxg5+ Kg7 70. Rh3 Kh7 71. Kf5 Kh6
72. Ke5 Rd2 73. Rh4 Rd3 74. Rxb4 Kxh5 75. Rb6 Kg5 76. b4 1-0

[Event "Team senior chess final 2018"]
[Site "Sochi"]
[Date "2018.05.06"]
[Round "6.4"]
[White "Vasiliev, Sergey"]
[Black "Fradkin, Boris"]
[Result "1/2-1/2"]
[WhiteElo "1945"]
[BlackElo "2374"]
[PlyCount "67"]
[EventDate "2018.05.01"]
[BlackTeam "Шахматный клуб "]

1. d4 Nf6 2. Nf3 b6 3. g3 Bb7 4. Bg2 e6 5. O-O c5 6. c3 Be7 7. Bf4 O-O 8. Nbd2
d5 9. Nb3 a5 10. Rc1 Nc6 11. Ne5 a4 12. Nxc6 Bxc6 13. Nd2 Bd6 14. Bxd6 Qxd6 15.
e3 Rac8 16. a3 e5 17. dxe5 Qxe5 18. Nf3 Qh5 19. Nh4 Qe5 20. Qd3 g6 21. Rcd1
Rfd8 22. Rfe1 Qe8 23. Nf3 Bb5 24. Qd2 Bc4 25. Qc1 Bb3 26. Rd2 Ne4 27. Rd3 Bc4
28. Rdd1 Bb3 29. Rd3 Bc4 30. Rdd1 Bb3 31. Rd3 Bc4 32. Rdd1 Bb3 33. Rd3 Bc4 34.
Rdd1 1/2-1/2

[Event "Team senior chess final 2018"]
[Site "Sochi"]
[Date "2018.05.07"]
[Round "7.1"]
[White "Zlachevskiy, Leonid"]
[Black "Faibisovich, Vadim Z"]
[Result "0-1"]
[WhiteElo "1991"]
[BlackElo "2320"]
[PlyCount "130"]
[EventDate "2018.05.01"]

1. e4 c5 2. Nf3 Nc6 3. Bb5 g6 4. Bxc6 bxc6 5. O-O Bg7 6. d3 e5 7. Be3 d6 8. h3
Ne7 9. Qd2 O-O 10. Bh6 f6 11. Nc3 Be6 12. b3 Qa5 13. Bxg7 Kxg7 14. Na4 Qxd2 15.
Nxd2 g5 16. Nc4 Rfd8 17. f3 Ng6 18. Ne3 h5 19. Kf2 h4 20. Rac1 Kf7 21. Rfd1 Nf4
22. Rd2 Bc8 23. Nd1 Ba6 24. Ndc3 Ne6 25. Ne2 Bb5 26. Nac3 a5 27. Nxb5 cxb5 28.
c3 b4 29. a3 bxc3 30. Rxc3 Rdb8 31. Rb2 Rb7 32. Rc1 Rab8 33. Rcb1 Ke7 34. Ke1
Kd7 35. Kd2 Kc6 36. Kc3 Nc7 37. Kc2 Nb5 38. Ra1 a4 39. Raa2 Ra8 40. bxa4 Rxa4
41. Nc3 Rxa3 42. Nxb5 Rxa2 43. Rxa2 Rxb5 44. Ra8 Kd7 45. Rf8 Ke7 46. Rc8 Ra5
47. Kb2 Ra4 48. Rc7+ Ke6 49. Rc8 f5 50. Rf8 fxe4 51. dxe4 Rd4 52. Kc2 d5 53.
Re8+ Kf6 54. Rf8+ Kg7 55. Rf5 dxe4 56. fxe4 Rxe4 57. Kd3 Rd4+ 58. Ke3 c4 59.
Rxe5 Rd3+ 60. Kf2 Kf6 61. Rc5 c3 62. Rc8 Ke5 63. Ke2 Rg3 64. Kd1 Kd4 65. Rd8+
Ke3 0-1

[Event "Team senior chess final 2018"]
[Site "Sochi"]
[Date "2018.05.07"]
[Round "7.2"]
[White "Karasev, Vladimir I"]
[Black "Sabaev, Evgueni"]
[Result "1-0"]
[WhiteElo "2336"]
[BlackElo "2125"]
[PlyCount "63"]
[EventDate "2018.05.01"]

1. Nf3 e6 2. g3 f5 3. Bg2 Nf6 4. O-O d5 5. d3 Nc6 6. d4 Be7 7. c4 O-O 8. cxd5
exd5 9. Nc3 Ne4 10. Qb3 Nxc3 11. Qxc3 Be6 12. Bf4 g5 13. Qe3 gxf4 14. Qxe6+ Kg7
15. gxf4 Rf6 16. Qe3 Rg6 17. Rac1 Bd6 18. Ne5 Bxe5 19. fxe5 Qh4 20. Kh1 f4 21.
Qh3 Qe7 22. Bxd5 Nxd4 23. Be4 Nxe2 24. Rcd1 Rd8 25. Bxg6 hxg6 26. Rxd8 Qxd8 27.
Qf3 Qd2 28. Qxb7 Qc2 29. Qd5 c5 30. e6 Kf6 31. Re1 Qxb2 32. e7 1-0

[Event "Team senior chess final 2018"]
[Site "Sochi"]
[Date "2018.05.07"]
[Round "7.3"]
[White "Karimov, Rashid"]
[Black "Blechzin, Igor"]
[Result "1/2-1/2"]
[WhiteElo "2125"]
[BlackElo "2251"]
[PlyCount "98"]
[EventDate "2018.05.01"]

1. c4 e5 2. Nc3 Nf6 3. Nf3 Nc6 4. e3 d5 5. cxd5 Nxd5 6. Bb5 Nxc3 7. bxc3 Bd6 8.
d4 exd4 9. cxd4 O-O 10. a4 Nb4 11. O-O Bf5 12. Bb2 Qf6 13. Ne5 Qh6 14. Bc4 c6
15. Qb3 Qf6 16. Rac1 a5 17. f4 Rad8 18. Be2 Qe7 19. g4 Be6 20. Bc4 Bxc4 21.
Nxc4 Bc7 22. Ba3 Qe6 23. Qd1 Rfe8 24. Qf3 Qe4 25. Qxe4 Rxe4 26. Bxb4 axb4 27.
a5 Ra8 28. Ra1 c5 29. Nb6 Rd8 30. dxc5 Rxe3 31. Rfd1 Ra3 32. Rxd8+ Bxd8 33. Re1
h5 34. Re8+ Kh7 35. Rxd8 b3 36. Nc4 Ra4 37. Nb2 Rxa5 38. Rd3 hxg4 39. Rxb3 Rxc5
40. Kf2 Rh5 41. Kg2 b5 42. Nd1 Rc5 43. Kg3 f5 44. Nc3 b4 45. Na2 g5 46. Nxb4
gxf4+ 47. Kxf4 Kg6 48. Nd3 Rc4+ 49. Kg3 Kg5 1/2-1/2

[Event "Team senior chess final 2018"]
[Site "Sochi"]
[Date "2018.05.07"]
[Round "7.4"]
[White "Shushpanov, Vladimir"]
[Black "Vasiliev, Sergey"]
[Result "1-0"]
[WhiteElo "2187"]
[BlackElo "1945"]
[PlyCount "67"]
[EventDate "2018.05.01"]

1. Nf3 d5 2. g3 e6 3. Bg2 Nf6 4. O-O Be7 5. d4 O-O 6. b3 Nbd7 7. c4 c6 8. Ba3
Bxa3 9. Nxa3 Re8 10. Qc2 Qe7 11. Qb2 b6 12. Rac1 Bb7 13. cxd5 exd5 14. e3 Rac8
15. Rfd1 h6 16. Nc2 Ne4 17. Nce1 Ng5 18. Nd3 Nxf3+ 19. Bxf3 g6 20. b4 Ba6 21.
Qa3 Bxd3 22. Rxd3 Qd6 23. b5 c5 24. dxc5 bxc5 25. Bxd5 Qc7 26. Bc6 Re7 27. Rdc3
Qe5 28. Qxa7 Rxc6 29. bxc6 Nf6 30. Rxc5 Qe6 31. c7 Qc8 32. Qb8 Re8 33. Qxc8
Rxc8 34. Rd1 1-0

[Event "Team senior chess final 2018"]
[Site "Sochi"]
[Date "2018.05.07"]
[Round "7.1"]
[White "Gubernatorov, Sergey"]
[Black "Vorotnikov, Vladislav V"]
[Result "1/2-1/2"]
[WhiteElo "2220"]
[BlackElo "2449"]
[PlyCount "82"]
[EventDate "2018.05.01"]

1. c4 Nf6 2. Nc3 d6 3. g3 e5 4. Bg2 Be7 5. Nf3 c6 6. O-O O-O 7. d4 e4 8. Ne1
Bf5 9. Bg5 Nbd7 10. e3 h6 11. Bxf6 Nxf6 12. Nc2 Qd7 13. b4 d5 14. c5 Bh3 15. a4
Bxg2 16. Kxg2 Nh7 17. f4 exf3+ 18. Qxf3 f5 19. b5 Ng5 20. Qe2 Ne6 21. bxc6 bxc6
22. Rab1 a5 23. Ne1 Bd8 24. Qh5 Kh7 25. Nf3 Bg5 26. Ne5 Qe8 27. Qxe8 Rfxe8 28.
Nd1 Nxc5 29. Rxf5 Nxa4 30. Rb7 Reb8 31. Rxb8 Rxb8 32. h4 Bf6 33. Nxc6 Nb2 34.
Nxb2 Rxb2+ 35. Kf3 Rb5 36. Na7 Rb7 37. Nc6 Rb5 38. Na7 Rb7 39. Nc6 Rb5 40. Na7
Rb7 41. Nc6 Rb5 1/2-1/2

[Event "Team senior chess final 2018"]
[Site "Sochi"]
[Date "2018.05.07"]
[Round "7.2"]
[White "Shvedchikov, Anatoli I"]
[Black "Mednikov, Gennadiy"]
[Result "1/2-1/2"]
[WhiteElo "2279"]
[BlackElo "2110"]
[PlyCount "83"]
[EventDate "2018.05.01"]

1. Nf3 d5 2. d4 Bf5 3. c4 e6 4. Nc3 c6 5. Qb3 Qb6 6. c5 Qxb3 7. axb3 Na6 8. e4
Nb4 9. Ra4 Nc2+ 10. Kd1 dxe4 11. Nh4 Nxd4 12. Rxd4 Bxc5 13. Rc4 Bxf2 14. Nxf5
exf5 15. g4 g6 16. gxf5 gxf5 17. Bh3 Ne7 18. Rf1 b5 19. Rxe4 fxe4 20. Rxf2 f5
21. Bg5 Rd8+ 22. Ke2 b4 23. Na4 Rd5 24. Be3 Rf8 25. Nc5 Rf6 26. Nxe4 Rg6 27.
Nd2 a6 28. Nc4 Re6 29. Bg2 Rd4 30. Kf3 Rd3 31. Ke2 Rxb3 32. Kd2 a5 33. Bc5 a4
34. Kc2 Nd5 35. Nd6+ Kd7 36. Nxf5 Nf4 37. Nd4 Nxg2 38. Rf7+ Kd8 39. Rf8+ Kd7
40. Rf7+ Kd8 41. Rf8+ Kd7 42. Rf7+ 1/2-1/2

[Event "Team senior chess final 2018"]
[Site "Sochi"]
[Date "2018.05.07"]
[Round "7.3"]
[White "Merkushev, Vasily"]
[Black "Chudinovskikh, Alexander M"]
[Result "0-1"]
[WhiteElo "2154"]
[BlackElo "2205"]
[PlyCount "66"]
[EventDate "2018.05.01"]

1. c4 c5 2. Nc3 g6 3. d3 Bg7 4. Bd2 e6 5. g3 Ne7 6. Qc1 d5 7. b3 Nbc6 8. Bg2
O-O 9. h4 f5 10. Rb1 d4 11. Na4 Qd6 12. h5 e5 13. hxg6 hxg6 14. Bh6 f4 15. gxf4
exf4 16. Be4 Bxh6 17. Rxh6 Bf5 18. Nf3 Kg7 19. Rh1 Rh8 20. Rg1 Bxe4 21. dxe4
Ne5 22. Ng5 b6 23. Nb2 Raf8 24. Nd3 Nxd3+ 25. exd3 Nc6 26. a3 Rh5 27. Nf3 Rh3
28. Qd1 Rfh8 29. Kf1 R8h5 30. Qe2 Rh1 31. Kg2 Qe6 32. Kf1 Qh3+ 33. Ke1 Ne5 0-1

[Event "Team senior chess final 2018"]
[Site "Sochi"]
[Date "2018.05.07"]
[Round "7.4"]
[White "Kolbanov, Veniamin M"]
[Black "Mayorov, Viktor"]
[Result "1-0"]
[WhiteElo "2190"]
[BlackElo "1964"]
[PlyCount "63"]
[EventDate "2018.05.01"]

1. c4 e5 2. Nc3 Nc6 3. g3 f5 4. Bg2 Nf6 5. d3 Bc5 6. e3 O-O 7. Nge2 Qe8 8. O-O
a6 9. d4 exd4 10. exd4 Bb4 11. a3 Bxc3 12. Nxc3 h6 13. d5 Nd8 14. d6 cxd6 15.
Bf4 Nf7 16. Re1 Qd8 17. Bxd6 Nxd6 18. Qxd6 Rf7 19. Nd5 Kh7 20. Nc7 Ra7 21. c5
b5 22. cxb6 Rb7 23. a4 Ne4 24. Rxe4 fxe4 25. Bxe4+ Kg8 26. Bd5 a5 27. Re1 Qf6
28. Qxf6 gxf6 29. Re8+ Kg7 30. Rxc8 Rxb6 31. Bxf7 Kxf7 32. Nb5 1-0

[Event "Team senior chess final 2018"]
[Site "Sochi"]
[Date "2018.05.08"]
[Round "8.1"]
[White "Zhelnin, Vladimir V"]
[Black "Zlachevskiy, Leonid"]
[Result "1-0"]
[WhiteElo "2452"]
[BlackElo "1991"]
[PlyCount "59"]
[EventDate "2018.05.01"]

1. e4 c5 2. Nf3 e6 3. Nc3 a6 4. d4 cxd4 5. Nxd4 Nc6 6. Be2 Qc7 7. Be3 Nf6 8. a3
d6 9. O-O Be7 10. f4 Bd7 11. Nb3 O-O 12. Qd2 b5 13. Bf3 Rab8 14. g4 Rfd8 15. g5
Ne8 16. Bg2 Bf8 17. h4 Bc8 18. h5 b4 19. axb4 Nxb4 20. Ra4 Bd7 21. Raa1 d5 22.
exd5 Bc6 23. f5 Nxd5 24. fxe6 fxe6 25. Rxa6 Nxe3 26. Qxe3 Bd7 27. Rxe6 Nf6 28.
gxf6 Rxb3 29. Bd5 Rxc3 30. Rc6+ 1-0